000 00641nam a2200205 i 4500
001 21120
003 ES-MaACL
007 t|
008 021121s1954 sp ||||1| spa d
100 1 _aAchre.
_918269
245 1 0 _aRadio y televisión /
_cAchre, Bruny ; adaptación de Ricardo F. Combeller.
260 _aBarcelona :
_bSerrahima y Urpi,
_c1954.
300 _a331 p. :
_bil. ;
_c22 cm.
490 1 _aBiblioteca los secretos de la industria
700 1 _aBruny.
_932218
700 1 _aCombeller, F.
_939966
830 0 _aBiblioteca los secretos de la industria
_9181510
852 _aES-MaACL
_jC-9548
_bR.37702
999 _c21120
_d21120